000
00248 a2200109 4500
001
50776
040
_c
Anchieta - Pituba
240
1
0
_a
A ilustre casa de Ramires
_l
245
1
0
_a
A ilustre casa de Ramires
650
4
_a
Ficção portuguesa
942
_c
MU
999
_c
50776
_d
50776